000
00295nam a22001337a 4500
008
190225b xxu||||| |||| 00| 0 eng d
020
_a
0805461280
041
_a
eng
080
_a
316
100
_a
50
101
_a
SOC
245
_a
Christian Ethics: A Primer
_c
Tillman, W.M
942
_2
udc
_c
BK
999
_c
54191
_d
54191